000
00326nam a22001337a 4500
003
OSt
008
231012b |||||||| |||| 00| 0 eng d
041
_a
mal
082
_a
894.81209
_b
CJS/KA
100
_a
Smarakaprasangha Samathi
_9
5522
245
_a
Kavitha
260
_a
Kottayam :
_b
National Book Stall ,
_c
1965
942
_c
BK
999
_c
17740
_d
17740